00480pam a2200181 a 4500001000800000005001700008008004100025010001700066020002900083040001800112041000800130080001400138082002100152100000700173101000900180245005800189504005100247184301720180117035514.0810831s1981 gw a b 001 0 eng  a 81014459  a0387110461 (U.S. : pbk.) aDLCcDLCdDLC aeng a001.6424 00a001.6424 CLO2191 a30 aSHKI10aProgramming in Prolog /cW.F. Clocksin, C.S. Mellish. aIncludes bibliographical references and index.